Music Quiz

Random Music or Song Quiz
Score 0/20 Timer 04:00
0 Plays Today
Artist Song % Correct
Katie PerryI Kissed A Girl
87.7%
Estelle feat. Kanye WestAmerican Boy
86.5%
The Ting TingsThat's Not My Name
84.8%
DuffyMercy
84.2%
Kings of LeonSex On Fire
80.1%
Madonna feat. Justin Timberlake & Timbaland4 Minutes
78.9%
ColdplayViva la Vida
72.5%
P!nkSo What
63.7%
Alexandra BurkeHallelujah
60.2%
Dizzee Rascal feat. Calvin HarrisDance Wiv Me
59.1%
Artist Song % Correct
Kid RockAll Summer Long
55.6%
Ne-YoCloser
49.7%
X Factor FinalistsHero
49.7%
BasshunterNow You're Gone
46.8%
Leona LewisRun
46.8%
Girls AloudThe Promise
45.6%
Beyonce KnowlesIf I Were A Boy
43.9%
RihannaTake A Bow
42.7%
Leon JacksonWhen You Believe
40.9%
Take ThatGreatest Day
28.1%
Remove Ads.
Support Sporcle.
Get the best of Sporcle when you Go Orange. This ad-free experience offers more features, more stats, and more fun while also helping to support Sporcle. Thank you for becoming a member.

You're not logged in!

Compare scores with friends on all Sporcle quizzes.
OR
Log In

Show Comments

Extras

Top Quizzes Today


Score Distribution

Your Account Isn't Verified!

In order to create a playlist on Sporcle, you need to verify the email address you used during registration. Go to your Sporcle Settings to finish the process.

Report this User

Report this user for behavior that violates our Community Guidelines.

Details: